000 00943cam a2200229 4500
001 WB3730-22
008 010802n2001 000 0 eng u
035 _a(Sirsi) u113910
245 _aNew code of practice on commercial leases
260 _c2001
490 _aDTLR News Release
_v(347) 31 July 2001, (2)
520 _aThe Property Industry Forum have agreed to demands by Regeneration Minister, Sally Keeble, to formulate a voluntary code on flexible commercial leases. The Forum have agreed to work to a strict timetable of self-regulation and to a set criteria. Issues to be looked at are upward only rent reviews and guidance for small businesses.
590 _aWB
650 _aCOMMERCIAL LEASES
650 _aPROPERTY INDUSTRY FORUM
650 _aRENT REVIEWS
650 _aSMALL BUSINESSES
650 _aCODES OF PRACTICE
650 _aSELF REGULATION
690 _aLANDLORD AND TENANT-BUSINESS TENANCIES
942 _n0
999 _c67874
_d67874